000 00285nam a22001337a 4500
008 170516b xxu||||| |||| 00| 0 eng d
020 _a9780131299856
041 _aeng
080 _a94 100
100 _a16
101 _aSHH
245 _aWORLD HISTORY
_cHALL.P
942 _2udc
_cBK
999 _c13358
_d13358